Sports Quiz

Random Sports or Football Quiz
Score 0/44 Timer 08:00
0 Plays Today
Rose Bowls Played Team % Correct
34 GamesSouthern California
96.7%
20 GamesMichigan
95.4%
15 GamesOhio State
94.6%
8 GamesOregon
94.3%
12 GamesCalifornia at Los Angeles
92.4%
5 GamesMichigan State
89.9%
15 GamesWashington
89.4%
10 GamesWisconsin
89.4%
2 GamesTexas
88.2%
1 GamePennsylvania
86.8%
3 GamesOregon State
85.1%
15 GamesStanford
84.7%
2 GamesArizona State
84.1%
8 GamesCalifornia
83.3%
4 GamesPenn State
83.3%
4 GamesWashington State
83%
5 GamesIllinois
81%
6 GamesIowa
79.2%
1 GameIndiana
79.1%
2 GamesOklahoma
78.8%
2 GamesNebraska
77.2%
6 GamesAlabama
77.1%
Rose Bowls Played Team % Correct
2 GamesMinnesota
76.5%
1 GameFlorida State
73.9%
2 GamesNorthwestern
71.8%
1 GameNotre Dame
71.5%
2 GamesPurdue
70.1%
1 GameMiami (FL)
65.3%
2 GamesGeorgia
61.7%
1 GameTexas Christian
60%
2 GamesTennessee
54.8%
1 GameHarvard
45.1%
1 GameNavy
44%
1 GameGeorgia Tech
43.6%
4 GamesPittsburgh
41.3%
2 GamesDuke
36.6%
1 GameSouthern Methodist
26.6%
1 GameBrown
22.5%
1 GameColumbia
18.9%
1 GameTulane
12.9%
1 GameWashington & Jefferson
3.5%
1 GameGreat Lakes
2.5%
2 GamesMare Island
2.5%
1 GameCamp Lewis
1.9%
Remove Ads.
Support Sporcle.
Get the best of Sporcle when you Go Orange. This ad-free experience offers more features, more stats, and more fun while also helping to support Sporcle. Thank you for becoming a member.

You're not logged in!

Compare scores with friends on all Sporcle quizzes.
OR
Log In

Sporcle TV

Today on Sporcle TV


Watch our educational content, quiz creation guides, and fun videos on Sporcle TV.

Show Comments

Extras

Top Quizzes Today


Score Distribution

Paid Content

Your Account Isn't Verified!

In order to create a playlist on Sporcle, you need to verify the email address you used during registration. Go to your Sporcle Settings to finish the process.

Report this User

Report this user for behavior that violates our Community Guidelines.

Details: